000 01538cab a22002415a 4500
001 L158511
008 150402e2016 xxk 000 0 eng d
035 _a(Sirsi) u158511
041 0 _aeng
245 0 0 _aTriplerose Ltd v Ninety Broomfield Road RTM Co Ltd; Freehold Managers (Nominees) Ltd v Garner Court RTM Co Ltd; Promima GR Propeties Ltd v Holybrook RTM Co Ltd
260 _c2015
520 _a[2015] EWCA Civ 282, 27 March 2015. Appeal by Landlords against Upper Tribunal (Lands Chamber) decision that a Right to Manage (RTM) company could acquire the right in respect of multiple sets of premises as long as the qualifiying conditions for each were met under the Commonhold and Leasehold Reform Act 2002. Appeal allowed. "Held" that the purpose of the 2002 Act was to allow qualifiying leaseholders to take over the management of their own blocks through RTM companies and to achieve that aim there had to be one company per block.
590 _aKA
650 2 4 _aRIGHT TO MANAGE (PRESCRIBED PARTICULARS AND FORMS) (ENGLAND) REGULATIONS 2003
650 2 4 _aCOMMONHOLD AND LEASEHOLD REFORM ACT 2002
650 2 4 _aTRIPLEROSE LTD V NINETY BROOMFIELD ROAD RTM CO LTD
650 2 4 _aFREEHOLD MANAGERS (NOMINEES) LTD V GARNER COURT RTM CO LTD
650 2 4 _aPRIXIMA GR PROPERTIES LTD V HOLYBROOK RTM CO LTD
651 4 _aEngland and Wales
_y1543-
690 _aResidential property
_96266
856 4 0 _uhttps://www.bailii.org/ew/cases/EWCA/Civ/2015/282.html
_zView the law report free of charge at www..bailii.org
942 _n0
999 _c84614
_d84614